| 000 | 02126nam a2200301 a 4500 | ||
|---|---|---|---|
| 001 | ASIN0415533651 | ||
| 005 | 20170105102843.0 | ||
| 008 | 130805s2012 xxu eng d | ||
| 020 |
_a0415533651 (paperback) _c$49.95 |
||
| 020 | _a9780415533652 (paperback) | ||
| 040 | _a0 | ||
| 050 | 0 | 4 | _aHN49.C6 |
| 082 | 0 | 4 | _a307.14095483 |
| 245 | 1 | 0 |
_aDevelopment, democracy and the state : _bcritiquing the kerala model of development / _cK. Ravi Raman. |
| 250 | _a1st ed. | ||
| 260 |
_a[S.l.] : _bRoutledge, _c2012. |
||
| 300 |
_a272 p. ; _c24 cm. |
||
| 520 | _aThe Indian state of Kerala is known for its high social model of development and social democratic governance. This book presents the most comprehensive analysis of the Kerala Model of Social Development to date. The model has often been identified as one worth emulating because it is seen to have taken the state to the zenith of human development and democratic governance. Using an interdisciplinary approach, the book sheds new light on the paradoxes of the Indian state and its model of economic development. The book provides a consolidated exploration and critique of the Kerala model, which usually has been portrayed as linear with the grand narrative of progress, development and democracy. Chapters discuss the past and present dimensions of the Kerala experience from a historical and political-economic perspective, thus providing a fresh understanding of the emerging concerns in the state and the construction of an ethically viable development agenda, eschewing the scourge of social inequity. A significant contribution to the literature on development, democracy and the state, it analyses the complex interconnectedness of the various political-economic and socio-cultural domains involved in these experiences. | ||
| 650 | 0 | _aCommunity development | |
| 650 | 0 | _aDemocracy | |
| 650 | 0 | _aEconomic policy | |
| 650 | 0 | _aIndia--Kerala | |
| 650 | 0 | _aSocial choice | |
| 650 | 0 | _aWelfare economics | |
| 700 | 1 | _aRaman, K. Ravi. | |
| 856 | 4 | 0 |
_3Amazon.com _uhttp://www.amazon.com/exec/obidos/ASIN/0415533651/chopaconline-20 |
| 942 |
_2ddc _cBK |
||
| 999 |
_c13970 _d13970 |
||